Vlastnosti makroporéznej keramiky pripravenej priamou speňovacou metódou dizertačná práca

Gespeichert in:
Bibliographische Detailangaben
1. Verfasser: Bazelová, Zora
Format: Buch
Sprache:Slowakisch
Veröffentlicht: Bratislava STU FCHPT 2011
Online-Zugang:Im OPAC anzeigen
Tags: Tag hinzufügen
Keine Tags, Fügen Sie das erste Tag hinzu!

MARC

LEADER 00000nam a2200000 a 4500
005 20260127134130.0
008 141027 2011 000 0 slo d
035 |a vtls010630761 
039 9 |a 201410271107  |b mschk03  |c 201410271017  |d mschk03  |y 201410270923  |z mschk03 
040 |a STUSCHK1  |b slo  |c STUSCHK1  |e AACR2 
100 1 |a Bazelová, Zora 
245 1 |a Vlastnosti makroporéznej keramiky pripravenej priamou speňovacou metódou  |b dizertačná práca  |c Zora Bazelová 
260 |a Bratislava  |b STU FCHPT  |c 2011 
300 |a 107 s.  |b il.  |c 30 cm 
500 |a Štud. program: anorganické technológie a materiály 
500 |a Štud. odbor: anorganická technológia a materiály 
500 |a Školiace pracovisko: Odd. keramiky, skla a cementu 
500 |a Evid. číslo: FCHPT-20524-25470 
910 |a SCHK95 
999 |c 4807  |d 4807